Statistics for "Do Not Travel" Countries for Canadian Citizens

Click here to take the quiz!

General Stats

  • This quiz has been taken 52 times
  • The average score is 24 of 30

Answer Stats

Countries% Correct
North Korea
94%
Russia
94%
Syria
94%
Iraq
89%
Somalia
89%
Afghanistan
87%
Iran
87%
Israel
87%
Mali
85%
South Sudan
85%
Sudan
85%
Ukraine
85%
Yemen
85%
Libya
83%
Niger
81%
Lebanon
79%
Belarus
77%
Chad
77%
Democratic Republic of the Congo
77%
Haiti
74%
Venezuela
74%
Eritrea
72%
Mauritania
72%
Myanmar
72%
Nigeria
72%
Burkina Faso
70%
Central African Republic
70%
Ethiopia
64%
Burundi
55%
Papua New Guinea
36%

Score Distribution

Percentile by Number Answered

Percent of People with Each Score

Your Score History

You have not taken this quiz